[Event "14th Asrian Memorial 2024"]
[Site "Yerevan ARM"]
[Date "2024.05.02"]
[Round "9.5"]
[White "Davtyan, Artur"]
[Black "Korshunov, Sergey And."]
[Result "1/2-1/2"]
[WhiteTitle "IM"]
[WhiteElo "2474"]
[BlackElo "2286"]
[WhiteFideId "13308327"]
[BlackFideId "34274715"]
[EventDate "2024.04.24"]

1. e4 e5 2. Bc4 Nf6 3. d3 Bc5 4. Nf3 Nc6 5. O-O O-O 6. Bg5 h6 7. Bh4 Be7 8. Bg3
d6 9. a4 Kh8 10. c3 Nh7 11. a5 Rb8 12. d4 f5 13. exf5 e4 14. Ne1 d5 15. Bb3 b6
16. axb6 Rxb6 17. Nd2 Ba6 18. Rxa6 Rxa6 19. Nc2 Bd6 20. Bxd6 Qxd6 21. f3 exf3
22. Nxf3 Rb6 23. Ne3 Nf6 24. c4 Qb4 25. Ba2 Qxb2 26. c5 Ra6 27. Bxd5 Qc3 28. Re1
Re8 29. Be6 Rd8 30. d5 Ne5 31. Nxe5 Qxe5 32. Nc4 Qc3 33. d6 cxd6 34. cxd6 Raxd6
35. Nxd6 Rxd6 36. Qc1 Qd4+ 37. Kh1 Ng4 38. Rf1 Rd8 39. Qe1 Qe3 1/2-1/2

[Event "14th Asrian Memorial 2024"]
[Site "Yerevan ARM"]
[Date "2024.05.02"]
[Round "9.6"]
[White "Danielyan, Vahe"]
[Black "Manukyan, Aleks"]
[Result "1/2-1/2"]
[WhiteTitle "IM"]
[WhiteElo "2331"]
[BlackElo "2163"]
[WhiteFideId "13304828"]
[BlackFideId "13309293"]
[EventDate "2024.04.24"]

1. e4 e5 2. Nf3 Nc6 3. Bb5 a6 4. Ba4 Nf6 5. O-O b5 6. Bb3 Be7 7. Re1 d6 8. c3
Na5 9. Bc2 c5 10. d4 Qc7 11. d5 Nc4 12. b3 Nb6 13. Nbd2 O-O 14. Nf1 a5 15. a4
Bd7 16. Ne3 c4 17. axb5 cxb3 18. Bxb3 Bxb5 19. Nf5 Nc4 20. Bxc4 Bxc4 21. Nd2 Ba6
22. c4 Rfc8 23. Ba3 Bf8 24. Rc1 g6 25. Ne3 Nd7 26. h4 Nc5 27. Rc3 Rcb8 28. h5
Bc8 29. hxg6 fxg6 30. Ng4 Bg7 31. Qf3 Qe7 32. Bxc5 dxc5 33. Ra1 Bd7 34. Ne3 Qd6
35. Qd1 a4 36. Rca3 Bh6 37. Nb1 Rb4 38. Nc3 Bxe3 39. fxe3 Rxc4 40. Nxa4 Rcxa4
41. Rxa4 Rxa4 42. Rxa4 Bxa4 43. Qxa4 Kf7 44. Qa8 Qe7 45. g3 c4 46. Kg2 Qc5 47.
Qb7+ Kf6 48. Qa6+ Kg5 49. Qe6 Qxe3 50. Qe7+ Kh6 51. Qh4+ Kg7 52. Qe7+ Kh6 1/2-1/2

[Event "14th Asrian Memorial 2024"]
[Site "Yerevan ARM"]
[Date "2024.05.02"]
[Round "9.7"]
[White "Sanikidze, Tornike"]
[Black "Hayrapetyan, Edgar"]
[Result "1-0"]
[WhiteTitle "GM"]
[BlackTitle "FM"]
[WhiteElo "2453"]
[BlackElo "2340"]
[WhiteFideId "13602608"]
[BlackFideId "13313568"]
[EventDate "2024.04.24"]

1. Nf3 Nf6 2. c4 e6 3. g3 d5 4. Bg2 d4 5. O-O c5 6. e3 Nc6 7. exd4 cxd4 8. d3
Bd6 9. Na3 O-O 10. Nc2 e5 11. Bg5 h6 12. Bxf6 Qxf6 13. Nd2 Qg6 14. Re1 a5 15.
Ne4 Be7 16. Na3 Bb4 17. Rf1 f5 18. Nd2 e4 19. dxe4 f4 20. Nb5 Bxd2 21. Qxd2 f3
22. Bh1 Bh3 23. Rfe1 Rad8 24. e5 Be6 25. c5 d3 26. Re3 Qg4 27. Nd6 Nd4 28. Qxd3
Ne2+ 29. Rxe2 fxe2 30. Re1 Qb4 31. Qxe2 Rd7 32. Rc1 Qd4 33. Bxb7 Re7 34. Nb5 Qb4
35. a3 Qb3 36. Be4 Bg4 37. Qxg4 Qxb2 38. Rb1 Qxf2+ 39. Kh1 g5 40. Qh5 Qa2 41.
Nc3 1-0

[Event "14th Asrian Memorial 2024"]
[Site "Yerevan ARM"]
[Date "2024.05.02"]
[Round "9.8"]
[White "Shahinyan, David"]
[Black "Dilanyan, Grigor"]
[Result "1/2-1/2"]
[WhiteTitle "IM"]
[BlackTitle "FM"]
[WhiteElo "2441"]
[BlackElo "2174"]
[WhiteFideId "13304380"]
[BlackFideId "13303570"]
[EventDate "2024.04.24"]

1. e4 c5 2. Nc3 a6 3. g3 b5 4. Bg2 Bb7 5. d3 g6 6. Nh3 Bg7 7. O-O b4 8. Nd5 e6
9. Ne3 Ne7 10. f4 f5 11. e5 Bxg2 12. Kxg2 d5 13. exd6 Qxd6 14. Nc4 Qd5+ 15. Qf3
h6 16. Be3 Qxf3+ 17. Rxf3 Nd7 18. Re1 Nd5 19. Rf2 a5 20. Rfe2 Ra6 21. Ng1 Ke7
22. Nf3 Rc8 23. Bd2 a4 24. h4 Rcc6 25. h5 gxh5 26. Nfe5 Nxe5 27. fxe5 Nb6 28.
Nxb6 Raxb6 29. b3 Ra6 30. Rh1 axb3 31. axb3 Kf7 32. Rxh5 Ra2 33. Be1 Rc8 34. Bf2
Rd8 35. Bxc5 Rxd3 36. Bxb4 Rxb3 37. Rh4 Rab2 38. Be1 Rb7 39. Rc4 R2b5 40. Bc3
Bf8 41. Bd4 Rb4 42. Rxb4 Rxb4 43. c3 Rb7 44. Ra2 Rc7 45. Ra5 h5 46. Kf3 Bh6 47.
Ra2 Kg6 48. Ra6 Kf7 49. Ra2 Rc6 50. Ra7+ Kg6 51. Ra2 Bg5 52. Ra8 Bd2 53. Ra2 Bh6
54. Ra8 Bd2 55. Ra2 1/2-1/2